| 000 | 00671nam a22002177a 4500 | ||
|---|---|---|---|
| 003 | OSt | ||
| 005 | 20141020162624.0 | ||
| 008 | 141008b xxu||||| |||| 00| 0 eng d | ||
| 020 | _a958-600-447-3 | ||
| 040 | _cBMC | ||
| 082 | _a658.154 | ||
| 100 | 1 |
_926441 _aBurbano Ruíz, Jorge E. |
|
| 245 | 1 | 0 |
_aPresupuestos _b: enfoque moderno de planeación y control de recursos _cJorge E. Burbano Ruíz, Alberto Ortíz Gómez |
| 250 | _a2ª ed | ||
| 260 |
_aSantafé de Bogotá _bMcGraw-Hill _c2000 |
||
| 300 |
_aXI, 376 p. _btablas _c23 cm. |
||
| 500 | _aÍndice: p. 367-376 | ||
| 650 | 2 | 4 |
_918478 _aPresupuestos |
| 700 | 1 |
_926442 _aOrtiz Gómez, Alberto |
|
| 942 |
_2ddc _cBK |
||
| 999 |
_c14489 _d14489 |
||